000 00703nam a2200205Ia 4500
008 240729s9999 xx 000 0 und d
022 _a2508-2043
245 0 _aJournal of Minimally Invasive Spine Surgery and Technique
260 _aKorea, Republic of
260 _bKorean Minimally Invasive Spine Surgery Society
650 _a Diseases of the musculoskeletal system
650 _a Internal medicine
650 _a Internal medicine
650 _a Neurosciences. Biological psychiatry. Neuropsychiatry | Medicine
650 _a Specialties of internal medicine
650 _aMedicine
856 _uhttps://doaj.org/toc/3263f08ab6b940bda57971b85d39bc93
942 _2ddc
942 _cDOAJEJ
999 _c68299
_d68299
945 _a1
_bMadushi Gamage
_c1
_dMadushi Gamage